|
|
|
|
| LEADER |
00000nam0a2200000 4500 |
| 001 |
183805 |
| 005 |
20231031171854.0 |
| 010 |
|
|
|a 9785392012770
|
| 035 |
|
|
|a (RuTPU)RU\TPU\book\199265
|
| 090 |
|
|
|a 183805
|
| 100 |
|
|
|a 20100823d2011 m y0rusy50 ca
|
| 101 |
0 |
|
|a rus
|
| 102 |
|
|
|a RU
|
| 105 |
|
|
|a y j 001zy
|
| 200 |
1 |
|
|a Рынок ценных бумаг
|e учебник
|f В. А. Лялин, П. В. Воробьев
|
| 205 |
|
|
|a 2-е изд., перераб. и доп.
|
| 210 |
|
|
|a Москва
|c Проспект
|d 2011
|
| 215 |
|
|
|a 400 с.
|
| 320 |
|
|
|a Библиогр.: с. 395-398.
|
| 330 |
|
|
|a Учебник является вторым, переработанным и дополненным изданием, которое написано в соответствии с требованиями Государственного образовательного стандарта по специальности «Финансы и кредит». Материал дает комплексное представление о функционировании рынка ценных бумаг, его структуре и участниках. В книге дается характеристика различных видов ценных бумаг, используемых в отечественной и зарубежной практике. Рассматриваются вопросы эмиссии и обращения ценных бумаг, принципы организации и функционирования фондовой биржи, процедура допуска ценных бумаг на биржу, виды сделок с ценными бумагами, методы расчета биржевых индексов, особенности осуществления инвестиций в ценные бумаги и принципы формирования портфеля ценных бумаг. Отдельный раздел книги посвящен вопросам создания и функционирования рынка ценных бумаг в Российской Федерации. Для студентов и преподавателей экономических вузов, научных и практических работников, специализирующихся в области финансов и фондового рынка.
|
| 606 |
1 |
|
|a Рынок ценных бумаг
|2 stltpush
|3 (RuTPU)RU\TPU\subj\36887
|
| 610 |
1 |
|
|a экономика
|
| 610 |
1 |
|
|a ценные бумаги
|
| 610 |
1 |
|
|a финансы
|
| 610 |
1 |
|
|a акции
|
| 610 |
1 |
|
|a акционерные общества
|
| 610 |
1 |
|
|a цена
|
| 610 |
1 |
|
|a облигации
|
| 610 |
1 |
|
|a доходность
|
| 610 |
1 |
|
|a векселя
|
| 610 |
1 |
|
|a конвертируемость
|
| 610 |
1 |
|
|a опционы
|
| 610 |
1 |
|
|a фьючерсные контракты
|
| 610 |
1 |
|
|a эмиссия
|
| 610 |
1 |
|
|a выпуск ценных бумаг
|
| 610 |
1 |
|
|a обращение ценных бумаг
|
| 610 |
1 |
|
|a государственная регистрация
|
| 610 |
1 |
|
|a фондовая биржа
|
| 610 |
1 |
|
|a листинг
|
| 610 |
1 |
|
|a биржевая информация
|
| 610 |
1 |
|
|a внебиржевая торговля
|
| 610 |
1 |
|
|a инвесторы
|
| 610 |
1 |
|
|a коммерческие банки
|
| 610 |
1 |
|
|a инвестиционные фонды
|
| 610 |
1 |
|
|a финансовые посредники
|
| 610 |
1 |
|
|a инвестиции
|
| 610 |
1 |
|
|a портфель ценных бумаг
|
| 610 |
1 |
|
|a фондовый рынок
|
| 610 |
1 |
|
|a Российская Федерация
|
| 610 |
1 |
|
|a приватизация
|
| 610 |
1 |
|
|a кризисы
|
| 610 |
1 |
|
|a 20 век
|
| 610 |
1 |
|
|a 21 век
|
| 610 |
1 |
|
|a учебники
|
| 686 |
|
|
|a У9(2)262.29я73
|v LBC/SL-A
|2 rubbk
|
| 700 |
|
1 |
|a Лялин
|b В. А.
|g Владимир Алексеевич
|
| 701 |
|
1 |
|a Воробьев
|b П. В.
|g Павел Викторович
|
| 801 |
|
1 |
|a RU
|b 63413507
|c 20100823
|
| 801 |
|
2 |
|a RU
|b 63413507
|c 20150731
|g RCR
|
| 900 |
|
|
|a Рынок ценных бумаг
|
| 942 |
|
|
|c BK
|
| 955 |
|
|
|b 080105
|
| 959 |
|
|
|a 50/20100823
|d 7
|e 221,00
|f АНЛ:1
|f ЧЗГЛ:1
|f УФ:5
|